Statistics for Taylor Swift - guess the song with no hints ⭒2

Click here to take the quiz!

General Stats

  • This quiz has been taken 2,029 times
  • The average score is 362 of 469

Answer Stats

Answer% Correct
ha,
100%
a
99%
I
99%
you
98%
You
98%
the
96%
an
94%
me
94%
me,
94%
And
92%
and
92%
we
91%
it
90%
when
90%
Your
90%
your
90%
My
89%
my
89%
in
88%
on
88%
so
88%
to
88%
is
86%
ha
85%
ha,
85%
of
85%
this
84%
don't
83%
like
83%
no
83%
They
81%
they
81%
are
80%
could
80%
we're
80%
were
80%
want
79%
All
78%
all
78%
just
77%
off
77%
Say
77%
only,
76%
Only
76%
Take
76%
take
76%
best
75%
I'm
75%
There
75%
dress
74%
friend
74%
know
74%
that
74%
But
73%
by
73%
see
73%
time
73%
can't
72%
us
72%
name
71%
not
71%
bought
70%
if
70%
Our
70%
up
70%
'Cause
69%
everything
69%
from
69%
hands
69%
one
69%
about
68%
at
68%
ah)
67%
ah,
67%
(ah,
67%
Now
67%
stops
67%
back
66%
got
66%
even
65%
Even
65%
room
64%
saw
64%
into
63%
shaking
63%
shape
63%
side
62%
worst
62%
hair
61%
idea
61%
nothing
61%
wake
61%
get
60%
golden
60%
made
60%
Made
60%
mark
60%
tattoo
60%
times
60%
Flashback
59%
met
59%
secret
59%
woke
59%
buzz
58%
cut
58%
holding
58%
kiss
58%
moments
58%
shake,
58%
silence
58%
waiting
58%
anticipation
57%
Carve
57%
crowded
57%
truth
57%
bedpost
56%
bleached
56%
indentation
56%
mistakes
56%
earthquakes
55%
face
55%
lifeline
55%
patience,
55%
try
55%
explain
54%
both
53%
Everyone
53%
gonna
53%
rebounds,
53%
thinks
53%
drunk
52%
pining
52%
desperately
51%
electrified
51%
least
51%
wine
51%
bathtub
50%
burned,
50%
lies
50%
spilling
48%
Inescapable,
43%

Score Distribution

Percentile by Number Answered

Percent of People with Each Score

Your Score History

You have not taken this quiz